Emirates Destinations from Dubai International Airport (DXB) - Statistics

General Stats
  • This quiz has been taken 28 times
    21 since last reset
  • The average score is 119 of 145
Answer Stats
Destination Country % Correct
Amsterdam Netherlands
100%
Auckland New Zealand
100%
Bangkok-Suvarnabhumi Thailand
100%
Barcelona Spain
100%
Budapest Hungary
100%
Cape Town South Africa
100%
Da Nang Vietnam
100%
Dar es Salaam Tanzania
100%
Dublin Ireland
100%
Ho Chi Minh City Vietnam
100%
Kuala Lumpur-International Malaysia
100%
Kuwait City Kuwait
100%
London-Gatwick United Kingdom
100%
London-Heathrow United Kingdom
100%
London-Stansted United Kingdom
100%
Los Angeles United States of America
100%
Madrid Spain
100%
Melbourne Australia
100%
Mexico City Mexico
100%
Miami United States of America
100%
Milan-Malpensa Italy
100%
New York-JFK United States of America
100%
Rio de Janeiro Brazil
100%
Seoul-Incheon South Korea
100%
Singapore Singapore
100%
Sydney Australia
100%
Taipei-Taoyuan Taiwan
100%
Tokyo-Haneda Japan
100%
Tokyo-Narita Japan
100%
Toronto-Pearson Canada
100%
Vienna Austria
100%
Warsaw-Chopin Poland
100%
Zurich Switzerland
100%
Amman Jordan
93%
Athens Greece
93%
Brisbane Australia
93%
Brussels Belgium
93%
Buenos Aires Argentina
93%
Cairo Egypt
93%
Copenhagen Denmark
93%
Dallas/Fort Worth United States of America
93%
Dhaka Bangladesh
93%
Dusseldorf Germany
93%
Edinburgh United Kingdom
93%
Hong Kong China
93%
Manchester United Kingdom
93%
Manila Phillippines
93%
Moscow-Domodedovo Russia
93%
Munich Germany
93%
Osaka-Kansai Japan
93%
Paris-Charles de Gaulle France
93%
Perth Australia
93%
Rome-Fiumicino Italy
93%
Saint Petersburg Russia
93%
San Francisco United States of America
93%
Shanghai-Pudong China
93%
Stockholm-Arlanda Sweden
93%
Tehran-Imam Khomeini Iran
93%
Tel Aviv Israel
93%
Tunis Tunisia
93%
Washington-Dulles United States of America
93%
Accra Ghana
87%
Addis Ababa Ethiopia
87%
Algiers Algeria
87%
Baghdad Iraq
87%
Beijing-Capital China
87%
Birmingham United Kingdom
87%
Boston United States of America
87%
Chicago-O'Hare United States of America
87%
Dakar-Diass Senegal
87%
Delhi India
87%
Guangzhou China
87%
Hanoi Vietnam
87%
Helsinki Finland
87%
Houston-Intercontinental United States of America
87%
Islamabad Pakistan
87%
Istanbul Turkiye
87%
Jakarta-Soekarno-Hatta Indonesia
87%
Lagos Nigeria
87%
Lisbon Portugal
87%
Luanda-Agostinho Neto Angola
87%
Montreal-Trudeau Canada
87%
Mumbai-Shivaji India
87%
Nice France
87%
Oslo Norway
87%
Prague Czechia
87%
Sao Paulo-Guarulhos Brazil
87%
Venice Italy
87%
Adelaide Australia
80%
Bahrain Bahrain
80%
Bogota Colombia
80%
Casablanca Morocco
80%
Cebu Phillippines
80%
Christchurch New Zealand
80%
Colombo Sri Lanka
80%
Frankfurt Germany
80%
Geneva Switzerland
80%
Hamburg Germany
80%
Jeddah Saudi Arabia
80%
Johannesburg-O.R Tambo South Africa
80%
Male Maldives
80%
Muscat Oman
80%
Seattle/Tacoma United States of America
80%
Ahmedabad India
73%
Antananarivo Madagascar
73%
Beirut Lebanon
73%
Glasgow United Kingdom
73%
Karachi Pakistan
73%
Lahore Pakistan
73%
Lyon France
73%
Medina Saudi Arabia
73%
Nairobi-Jomo Kenyatta Kenya
73%
Phnom Phenh Cambodia
73%
Phuket Thailand
73%
Riyadh Saudi Arabia
73%
Abidjan Ivory Coast
67%
Bengaluru India
67%
Chennai India
67%
Conakry Guinea
67%
Denpasar Indonesia
67%
Durban South Africa
67%
Harare Zimbabwe
67%
Kolkata India
67%
Larnaca Cyprus
67%
Lusaka Zambia
67%
Newark United States of America
67%
Newcastle United Kingdom
67%
Orlando United States of America
67%
Shenzhen China
67%
Bologna Italy
60%
Hyderabad India
60%
Dammam/Damman Saudi Arabia
53%
Hangzhou China
53%
Erbil Iraq
47%
Kochi India
47%
Port Louis Mauritius
47%
Thiruvananthapuram India
47%
Entebbe Uganda
40%
Mahe Seychelles
40%
Peshawar Pakistan
40%
Sialkot Pakistan
33%
Valetta Malta
33%
Clark Phillippines
27%
Siem Reap Cambodia
27%
Basrah Iraq
20%
No matching quizzes found
Score Distribution
Percent of People with Each Score
Percentile by Number Answered
Your Score History
You have not taken this quiz since the last reset